000 01267cam a2200325 a 4500
001 z9mscp b6213672
003 OSt
005 20250902015713.0
008 020813s2002 nyum a000 1 eng d
020 _a0843950331 (pbk.) :
_c$4.99
035 _a(Sirsi) i9780843950335
040 _aOKI
_beng
_cOKI
082 0 4 _aHIRT
099 9 _fW
_aFICTION
100 1 _aHirt, Douglas.
_0https://id.loc.gov/authorities/names/n88069575.
245 1 0 _aKetcham's land /
_cDouglas Hirt.
264 1 _aNew York :
_bLeisure Books,
_c2002.
300 _a273 pages ;
_c18 cm.
336 _atext
_btxt
_2rdacontent.
337 _aunmediated
_bn
_2rdamedia.
338 _avolume
_bnc
_2rdacarrier.
490 1 _aLeisure historical fiction.
650 0 _aFrontier and pioneer life
_zNew Mexico
_0https://id.loc.gov/authorities/subjects/sh2008104174
_vFiction.
_0https://id.loc.gov/authorities/subjects/sh99001562.
655 7 _aHistorical fiction.
_2lcgft
_0https://id.loc.gov/authorities/genreForms/gf2014026370.
655 7 _aWestern fiction.
_2lcgft
_0https://id.loc.gov/authorities/genreForms/gf2014026594.
655 7 _aFiction.
_2lcgft
_0https://id.loc.gov/authorities/genreForms/gf2014026339.
830 0 _aLeisure historical fiction.
907 _a.b455367553
942 _cBK
999 _c31087
_d31085